[Event "Titled Tuesday intern op 08th Mar Early"]
[Site "Chess.com INT"]
[Date "2022.03.08"]
[Round "1"]
[White "Calvo Salas, Pablo"]
[Black "Khismatullin, Denis Rimovich"]
[Result "0-1"]
[WhiteElo "2258"]
[BlackElo "2616"]
[PlyCount "66"]
[EventDate "2022.03.08"]
[EventType "swiss (blitz)"]
[EventRounds "11"]
[EventCountry "USA"]
[SourceTitle "CBM 207 Extra"]
[Source "ChessBase"]
[SourceDate "2022.05.31"]
[SourceVersion "1"]
[SourceVersionDate "2022.05.31"]
[SourceQuality "1"]

1. d4 Nf6 2. Nf3 e6 3. Bg5 h6 4. Bh4 g5 5. Bg3 Ne4 6. Nbd2 Nxg3 7. hxg3 Bg7 8. c3 d6 9. e4 a6 10. Bd3 Nd7 11. Qe2 c5 12. a4 0-0 13. e5 cxd4 14. cxd4 dxe5 15. dxe5 g4 16. Qe4 f5 17. exf6 Nxf6 18. Qg6 gxf3 19. Nxf3 Bd7 20. Bc4 Rc8 21. Bb3 Qa5+ 22. Kf1 Qb4 23. Rxh6 Qxb3 24. Ng5 Qc4+ 25. Kg1 Qc1+ 26. Rxc1 Rxc1+ 27. Kh2 Ng4+ 28. Kh3 Nxf2+ 29. Kh4 Rc4+ 30. g4 Rxg4+ 31. Kh5 Be8 32. Qxe8 Rxg5+ 33. Kxg5 Bxh6+ 0-1

[Event "Santiago Endesa Interempresas tt-A"]
[Site "Santiago de Chile"]
[Date "2009.08.04"]
[Round "3"]
[White "Calvo Salas, Pablo"]
[Black "Cortes Moyano, Julio"]
[Result "1/2-1/2"]
[WhiteElo "2304"]
[BlackElo "2195"]
[PlyCount "30"]
[EventDate "2009.07.21"]
[EventType "team"]
[EventRounds "13"]
[EventCountry "CHI"]
[SourceTitle "EXT 2012"]
[Source "ChessBase"]
[SourceDate "2011.11.24"]
[SourceVersion "1"]
[SourceVersionDate "2011.11.24"]
[SourceQuality "1"]

1. c4 Nf6 2. Nc3 g6 3. g3 Bg7 4. Bg2 d6 5. e4 0-0 6. Nge2 c5 7. 0-0 Nc6 8. d3 Ne8 9. Be3 Nc7 10. Qd2 Re8 11. h3 Ne6 12. f4 Ned4 13. Rac1 Rb8 14. Kh2 a6 15. Bg1 Qa5 1/2-1/2

[Event "Santiago Endesa 01"]
[Site "Santiago de Chile"]
[Date "2009.04.13"]
[Round "10"]
[White "Calvo Salas, Pablo"]
[Black "Pineda Polanco, Adolfo"]
[Result "0-1"]
[WhiteElo "2288"]
[BlackElo "2300"]
[PlyCount "94"]
[EventDate "2009.03.16"]
[EventType "tourn"]
[EventRounds "11"]
[EventCountry "CHI"]
[SourceTitle "EXT 2012"]
[Source "ChessBase"]
[SourceDate "2011.11.24"]
[SourceVersion "1"]
[SourceVersionDate "2011.11.24"]
[SourceQuality "1"]

1. e4 e5 2. Nf3 Nc6 3. Bb5 a6 4. Ba4 Nf6 5. 0-0 Be7 6. Re1 b5 7. Bb3 0-0 8. a4 Bb7 9. d3 d6 10. c3 Re8 11. Nbd2 Bf8 12. Nf1 h6 13. Ne3 Ne7 14. h3 Ng6 15. Nh2 d5 16. Nhg4 dxe4 17. Nf5 exd3 18. Bxh6 gxh6 19. Ngxh6+ Bxh6 20. Nxh6+ Kg7 21. Nxf7 Qd7 22. Re3 Bd5 23. Rxd3 Bxb3 24. Rxd7 Bxd1 25. Rxc7 Bxa4 26. Nd6+ Re7 27. Nf5+ Kf7 28. Nxe7 Nxe7 29. Re1 Ke6 30. f4 Kd6 31. Rb7 e4 32. g4 Bc2 33. Rb6+ Nc6 34. Ra1 Nd5 35. Rbxa6 Rxa6 36. Rxa6 Nxf4 37. Kf2 Nxh3+ 38. Ke3 Kd5 39. Ra8 Ne5 40. Rd8+ Kc4 41. Rg8 Kb3 42. g5 Nc4+ 43. Kd4 e3 44. g6 e2 45. Re8 Nf4 46. g7 Bh7 47. Kc5 Ne5 0-1

[Event "Santiago Endesa 01"]
[Site "Santiago de Chile"]
[Date "2009.04.01"]
[Round "6"]
[White "Hernandez Riera, Jose de Jesus"]
[Black "Calvo Salas, Pablo"]
[Result "0-1"]
[WhiteElo "2118"]
[BlackElo "2288"]
[PlyCount "78"]
[EventDate "2009.03.16"]
[EventType "tourn"]
[EventRounds "11"]
[EventCountry "CHI"]
[SourceTitle "EXT 2012"]
[Source "ChessBase"]
[SourceDate "2011.11.24"]
[SourceVersion "1"]
[SourceVersionDate "2011.11.24"]
[SourceQuality "1"]

1. d4 d5 2. Nf3 c5 3. g3 Nc6 4. Bg2 Nf6 5. 0-0 e6 6. c4 Be7 7. cxd5 exd5 8. Nc3 0-0 9. Bg5 c4 10. Ne5 Be6 11. e4 Nxe5 12. dxe5 Nxe4 13. Bxe7 Nxc3 14. Bxd8 Nxd1 15. Be7 Nxb2 16. Bxf8 Kxf8 17. f4 g6 18. g4 Rd8 19. f5 gxf5 20. gxf5 Bc8 21. Rae1 Ke7 22. e6 fxe6 23. fxe6 Bxe6 24. Re2 Nd3 25. Bh3 Rg8+ 26. Kh1 Rg6 27. Bf5 Rf6 28. Kg2 Nc5 29. Bxh7 d4 30. Bf5 d3 31. Re3 d2 32. Bxe6 Rxe6 33. Kf3 c3 34. Rxe6+ Kxe6 35. Ke2 Na4 36. h4 Nb2 37. h5 d1Q+ 38. Rxd1 Nxd1 39. Kxd1 b5 0-1

[Event "Santiago Endesa 01"]
[Site "Santiago de Chile"]
[Date "2009.03.23"]
[Round "3"]
[White "Pinto Pinares, Marcelo"]
[Black "Calvo Salas, Pablo"]
[Result "0-1"]
[WhiteElo "2200"]
[BlackElo "2288"]
[PlyCount "92"]
[EventDate "2009.03.16"]
[EventType "tourn"]
[EventRounds "11"]
[EventCountry "CHI"]
[SourceTitle "EXT 2012"]
[Source "ChessBase"]
[SourceDate "2011.11.24"]
[SourceVersion "1"]
[SourceVersionDate "2011.11.24"]
[SourceQuality "1"]

1. e4 e5 2. Nf3 Nc6 3. Bb5 a6 4. Ba4 Nf6 5. 0-0 Be7 6. Re1 b5 7. Bb3 d6 8. c3 0-0 9. h3 Na5 10. Bc2 c5 11. d4 Qc7 12. Nbd2 cxd4 13. cxd4 Bb7 14. Nf1 Rac8 15. Bd3 d5 16. dxe5 Nxe4 17. Bf4 Nc4 18. Re2 Qb6 19. Qe1 f6 20. Be3 Nxe3 21. Nxe3 f5 22. Rd1 a5 23. Bc2 Bc5 24. Kh2 Kh8 25. Bb1 Qa7 26. Bd3 f4 27. Nxd5 Bxf2 28. Bxe4 Bxe1 29. Rdxe1 Qc5 30. Nc3 Rc7 31. Bxb7 Rxb7 32. Ne4 Qd5 33. b3 Re7 34. Rd2 Qb7 35. Nd6 Qb6 36. Rd5 b4 37. Re2 a4 38. Nc4 Qb7 39. Red2 h6 40. Rd6 Rc8 41. Nb6 Rc3 42. Nd5 Rxf3 43. Nxe7 Rf1 44. Ng6+ Kh7 45. Nh4 Qe4 46. Nf3 Qb1 0-1